000 00333nam a22001457a 4500
003 SGT
082 _a616.5
_bD16S
100 _aSEHGAL, VERENDRA N.
245 _aDIAGNOSES AND TREATMENT OF COMMON SKIN DISEASES
250 _a5TH
260 _aINDIA
_bJAYPEE
_c2016
300 _a352
650 _aDERMATOLOGY
942 _2ddc
_cBK
999 _c14607
_d14607